000 00579nam a2200217Ia 4500
003 OSt
005 20220928144547.0
006 a|||||r|||| 00| 0
007 ta
008 220927b |||||||| |||| 00| 0 eng d
024 _a71923
037 _cTextual
040 _aSDCL
_cSDCL
_beng
041 _2eng
_aeng
082 _aY7xN08:g, M7
100 _aCallinicos Alex.
_9435829
245 0 _aMaking history
_b Agency, structure and change in social theory.
260 _c1987
942 _hY7xN08:g, M7
_cTEXL
_2CC
999 _c827987
_d827987